000 00345nam a2200145Ia 4500
008 230524s9999 xx 000 0 und d
020 _a9789393165176
245 0 _aGATE 2023 - Electronics Engineering
250 _a1
260 _bMade Easy
_c2022
300 _a776p;
500 _aQuantity Number: 2
650 _aElectronics
942 _cBK
999 _c60732
_d60732